|
|
|
|
| LEADER |
01216nam a2200289 a 4500 |
| 001 |
3428 |
| 003 |
BD-DhAAL |
| 008 |
090504s1985 enka b 001 0 eng d |
| 999 |
|
|
|c 363
|d 363
|
| 010 |
|
|
|a 84026773
|
| 020 |
|
|
|a 0422786101
|
| 040 |
|
|
|a DLC
|c DLC
|d DLC
|d BD-DhAAL
|
| 082 |
0 |
0 |
|a 618.3
|2 19
|
| 100 |
1 |
|
|a Plant, Moira.
|9 41772
|
| 245 |
1 |
0 |
|a Women, drinking, and pregnancy /
|c Moira L. Plant.
|
| 260 |
|
|
|a London ;
|a New York :
|b Tavistock Publications,
|c 1985.
|
| 300 |
|
|
|a x, 168 pages :
|b illustrations ;
|c 23 cm.
|
| 500 |
|
|
|a "Based upon a Ph. D. thesis produced under the auspices of the Council for National Academic Awards (CNAA)"--P. x.
|
| 504 |
|
|
|a Includes Bibliographical references (pages119-161) and index.
|
| 541 |
|
|
|e 3428
|
| 650 |
|
0 |
|a Fetal alcohol syndrome.
|9 41773
|
| 650 |
|
0 |
|a Fetus
|x Effect of drugs on.
|9 41774
|
| 650 |
|
0 |
|a Alcoholism in pregnancy.
|9 41775
|
| 650 |
|
0 |
|a Pregnant women
|x Alcohol use.
|9 41776
|
| 852 |
|
|
|a Ayesha Abed Library
|c General Stacks
|
| 942 |
|
|
|2 ddc
|c BK
|
| 952 |
|
|
|0 0
|1 0
|2 ddc
|4 0
|6 618_300000000000000_PLA_1985
|7 0
|9 329
|a BRACUL
|b BRACUL
|c GEN
|d 2009-05-04
|g 0.00
|l 1
|m 1
|o 618.3 PLA
|p 3010003428
|r 2011-04-11
|s 2011-04-07
|t 1
|w 2009-05-04
|y BK
|x No price found in the accession register.
|